[Event "Berlin Spandau op 1st"]
[Site "Berlin"]
[Date "2015.12.27"]
[Round "2"]
[White "Eifler, Stephan"]
[Black "Buttkus, Andree"]
[Result "0-1"]
[WhiteElo "1734"]
[BlackElo "2015"]
[PlyCount "44"]
[EventDate "2015.12.27"]
[EventType "swiss"]
[EventRounds "7"]
[EventCountry "GER"]
[SourceTitle "EXT 2022"]
[Source "ChessBase"]
[SourceDate "2021.10.06"]
[SourceVersion "1"]
[SourceVersionDate "2021.10.06"]
[SourceQuality "1"]

1. c4 c5 2. g3 e6 3. Bg2 d5 4. cxd5 exd5 5. Nf3 d4 6. d3 Nc6 7. 0-0 Nf6 8. Bg5 h6 9. Bf4 Nd5 10. Bd2 Be6 11. Na3 Be7 12. Nc4 Bf6 13. Qa4 0-0 14. Qb5 Qe7 15. Rac1 a6 16. Qb3 b5 17. Nce5 Nxe5 18. Nxe5 Ne3 19. Nc6 Qd6 20. Qa3 Nxf1 21. Kxf1 Bd5 22. Bxd5 Qxd5 0-1